[Event "ENG-ch Seniors 50"]
[Site "Leamington Spa"]
[Date "2023.05.05"]
[Round "2"]
[White "Ireland, David J"]
[Black "Homer, Neil S"]
[Result "1/2-1/2"]
[WhiteElo "1911"]
[BlackElo "1534"]
[PlyCount "63"]
[EventDate "2023.05.04"]
[EventType "swiss"]
[EventRounds "7"]
[EventCountry "ENG"]
[SourceTitle "CBM 214 Extra"]
[Source "ChessBase"]
[SourceDate "2023.07.31"]
[SourceVersion "1"]
[SourceVersionDate "2023.07.31"]
[SourceQuality "1"]

1. e4 c6 2. d4 d5 3. f3 dxe4 4. fxe4 e5 5. Nf3 Bg4 6. Bc4 Nd7 7. 0-0 Ngf6 8. c3 Bd6 9. Be3 0-0 10. Nbd2 Qc7 11. Qc2 Bh5 12. h3 Bg6 13. Bd3 a6 14. Nc4 Rfe8 15. dxe5 Nxe5 16. Ncxe5 Bxe5 17. Nxe5 Qxe5 18. Bd4 Qe7 19. Bxf6 gxf6 20. Rf4 Qd6 21. Raf1 Rad8 22. R1f3 Re6 23. Qf2 Qc7 24. Qg3 Kf8 25. Kh2 Qe7 26. Qh4 Kg7 27. Bc4 Red6 28. Re3 Qe5 29. Qg3 Kf8 30. Qh4 Kg7 31. Qg3 Kf8 32. Bf1 1/2-1/2

[Event "Leamington Spa 4NCL op-C 28th"]
[Site "Leamington Spa"]
[Date "2022.07.10"]
[Round "5"]
[White "Weersing, Nathan"]
[Black "Homer, Neil S"]
[Result "0-1"]
[WhiteElo "1560"]
[BlackElo "1673"]
[PlyCount "90"]
[EventDate "2022.07.08"]
[EventType "swiss"]
[EventRounds "5"]
[EventCountry "ENG"]
[SourceTitle "CBM 209 Extra"]
[Source "ChessBase"]
[SourceDate "2022.09.30"]
[SourceVersion "1"]
[SourceVersionDate "2022.09.30"]
[SourceQuality "1"]

1. e4 c6 2. d4 d5 3. Nc3 dxe4 4. Nxe4 Bf5 5. Ng3 Bg6 6. Nf3 Nd7 7. Bd3 e6 8. c3 Ngf6 9. Qc2 Qc7 10. 0-0 Bd6 11. c4 Bxd3 12. Qxd3 h6 13. c5 Be7 14. h3 0-0 15. b4 a5 16. b5 cxb5 17. Qxb5 a4 18. Rb1 Rfb8 19. Bd2 Nd5 20. Rfc1 Qc6 21. Qxc6 bxc6 22. Rxb8+ Rxb8 23. Rc2 Rb1+ 24. Kh2 Rb7 25. Rc4 Ra7 26. Ne2 Bf6 27. a3 e5 28. Nc3 Nxc3 29. Bxc3 exd4 30. Nxd4 Bxd4 31. Bxd4 Ra5 32. Kg3 f6 33. Kf4 Kf7 34. h4 Ke6 35. Be3 Kf7 36. Bd4 g6 37. g4 Nf8 38. Ke4 Ne6 39. Be3 Kg7 40. f4 Nc7 41. Bd2 Ra8 42. g5 hxg5 43. hxg5 f5+ 44. Ke5 Nb5 45. Rb4 Re8# 0-1

[Event "ENG Chessable-ch Seniors 50+"]
[Site "Kenilworth"]
[Date "2022.05.06"]
[Round "3"]
[White "Homer, Neil S"]
[Black "Dishman, Stephen"]
[Result "0-1"]
[WhiteElo "1600"]
[BlackElo "2301"]
[PlyCount "58"]
[EventDate "2022.05.04"]
[EventType "swiss"]
[EventRounds "7"]
[EventCountry "ENG"]
[SourceTitle "CBM 208 Extra"]
[Source "ChessBase"]
[SourceDate "2022.07.31"]
[SourceVersion "1"]
[SourceVersionDate "2022.07.31"]
[SourceQuality "1"]

1. e4 c6 2. d4 d5 3. exd5 cxd5 4. Bd3 Nc6 5. c3 Qc7 6. Na3 a6 7. Nc2 e6 8. Nf3 Bd6 9. Be3 Nge7 10. Qd2 Bd7 11. g3 f6 12. Bf1 0-0 13. Bg2 Na5 14. 0-0 Nc4 15. Qc1 b5 16. Nd2 Rac8 17. Nxc4 bxc4 18. Bh3 Rb8 19. Rb1 Rb6 20. Na1 Rfb8 21. Qc2 a5 22. Rfe1 a4 23. Bc1 f5 24. Re2 Nc6 25. Qd1 a3 26. Rd2 Na5 27. Qe2 Nb3 28. Nxb3 cxb3 29. bxa3 bxa2 0-1

[Event "Daventry 4NCL Easter op-C 2nd"]
[Site "Daventry"]
[Date "2022.04.17"]
[Round "5"]
[White "Cotterell, David M"]
[Black "Homer, Neil S"]
[Result "0-1"]
[WhiteElo "1541"]
[BlackElo "1692"]
[PlyCount "124"]
[EventDate "2022.04.15"]
[EventType "swiss"]
[EventRounds "7"]
[EventCountry "ENG"]
[SourceTitle "CBM 207 Extra"]
[Source "ChessBase"]
[SourceDate "2022.05.31"]
[SourceVersion "1"]
[SourceVersionDate "2022.05.31"]
[SourceQuality "1"]

1. c4 e6 2. g3 d5 3. cxd5 exd5 4. Bg2 c5 5. e3 Nc6 6. Ne2 Nf6 7. 0-0 Be7 8. d4 c4 9. Nbc3 0-0 10. Nf4 Be6 11. Nxe6 fxe6 12. Bd2 Qd7 13. Ne2 Bd6 14. f3 Bc7 15. Bc3 b5 16. a3 h6 17. e4 Bb6 18. Kh1 dxe4 19. fxe4 Ng4 20. Qd2 Nf2+ 21. Kg1 Nd3 22. e5 Ndxe5 23. Bxc6 Qxc6 24. Qe3 Nd3 25. Nf4 Nxf4 26. Rxf4 Rxf4 27. Qxf4 Rf8 28. Qe5 Rf5 29. Qe3 Rf3 30. Qe5 Rf5 31. Qe3 e5 32. Rd1 exd4 33. Bxd4 Bxd4 34. Rxd4 Qf6 35. Qe8+ Qf8 36. Qe6+ Qf7 37. Qc8+ Kh7 38. Rd2 Rf1+ 39. Kg2 Qf3+ 40. Kh3 Qf5+ 41. Qxf5+ Rxf5 42. Kg2 Rf6 43. Rd4 a6 44. a4 Rc6 45. axb5 axb5 46. Rd5 b4 47. Rd2 c3 48. bxc3 bxc3 49. Rc2 Kg6 50. Kf3 Kf5 51. h3 h5 52. Ke3 g5 53. Rf2+ Ke5 54. Kd3 c2 55. Re2+ Kd5 56. Rxc2 Rxc2 57. Kxc2 Ke4 58. g4 hxg4 59. hxg4 Kf4 60. Kd2 Kxg4 61. Ke2 Kh3 62. Kf1 Kh2 0-1

[Event "Daventry 4NCL Easter op-C 2nd"]
[Site "Daventry"]
[Date "2022.04.15"]
[Round "1"]
[White "Homer, Neil S"]
[Black "Horspool, Ben"]
[Result "1-0"]
[WhiteElo "1692"]
[BlackElo "1525"]
[PlyCount "79"]
[EventDate "2022.04.15"]
[EventType "swiss"]
[EventRounds "7"]
[EventCountry "ENG"]
[SourceTitle "CBM 207 Extra"]
[Source "ChessBase"]
[SourceDate "2022.05.31"]
[SourceVersion "1"]
[SourceVersionDate "2022.05.31"]
[SourceQuality "1"]

1. e4 e5 2. Nc3 Nf6 3. f4 d5 4. fxe5 Nxe4 5. Qf3 Nxc3 6. bxc3 d4 7. Bc4 Be6 8. Bxe6 fxe6 9. Qxb7 Nd7 10. cxd4 Rb8 11. Qe4 Be7 12. Nf3 0-0 13. 0-0 Rb6 14. d3 h6 15. c4 Qb8 16. c5 Nxc5 17. dxc5 Bxc5+ 18. Be3 Bxe3+ 19. Qxe3 Rb2 20. Qc1 Qb6+ 21. d4 Rb8 22. Rf2 Rb4 23. Rd2 c5 24. Qxc5 Rb1+ 25. Rd1 Rxa1 26. Rxa1 Qb2 27. Qc1 Qe2 28. Rb1 Rd8 29. Rb2 Qe4 30. Qb1 Qg4 31. Rb8 Rxb8 32. Qxb8+ Kh7 33. Qxa7 Qf4 34. Qa3 Qe4 35. Qc1 Qd5 36. a4 Qa2 37. Qd1 Qa3 38. Kf1 Qa2 39. Ne1 Qc4+ 40. Qd3+ 1-0

[Event "Leamington Spa 4NCL op-B 26th"]
[Site "Leamington Spa"]
[Date "2021.09.11"]
[Round "3"]
[White "Abbott, Mark V"]
[Black "Homer, Neil S"]
[Result "1-0"]
[WhiteElo "1915"]
[BlackElo "1728"]
[PlyCount "75"]
[EventDate "2021.09.10"]
[EventType "swiss"]
[EventRounds "5"]
[EventCountry "ENG"]
[SourceTitle "EXT 2023"]
[Source "ChessBase"]
[SourceDate "2022.10.05"]
[SourceVersion "1"]
[SourceVersionDate "2022.10.05"]
[SourceQuality "1"]

1. d4 d5 2. c4 e6 3. cxd5 exd5 4. Nc3 c5 5. Nf3 Nc6 6. Bf4 c4 7. e3 Nf6 8. Be2 Bb4 9. 0-0 0-0 10. h3 Be6 11. a3 Bxc3 12. bxc3 Ne4 13. Qc2 f5 14. Nd2 Nxd2 15. Qxd2 Na5 16. Bd1 Bd7 17. Bc2 Qe8 18. Rae1 Ba4 19. f3 Bxc2 20. Qxc2 Nb3 21. e4 fxe4 22. fxe4 Qg6 23. Qe2 Rfe8 24. Be5 Qxe4 25. Qf2 Qg6 26. Re3 Rf8 27. Rf3 Rxf3 28. Qxf3 Qe6 29. Qg3 Qg6 30. Qf4 h6 31. Rf3 Re8 32. Rg3 Qb1+ 33. Kh2 Rxe5 34. Qxe5 g5 35. Rf3 Qe4 36. Qb8+ Kg7 37. Qf8+ Kg6 38. Qf7# 1-0

[Event "Leamington Spa 4NCL op-B 26th"]
[Site "Leamington Spa"]
[Date "2021.09.11"]
[Round "2"]
[White "Homer, Neil S"]
[Black "Iskauskas, Alexander"]
[Result "0-1"]
[WhiteElo "1728"]
[BlackElo "1893"]
[PlyCount "166"]
[EventDate "2021.09.10"]
[EventType "swiss"]
[EventRounds "5"]
[EventCountry "ENG"]
[SourceTitle "EXT 2023"]
[Source "ChessBase"]
[SourceDate "2022.10.05"]
[SourceVersion "1"]
[SourceVersionDate "2022.10.05"]
[SourceQuality "1"]

1. Nf3 Nf6 2. c4 g6 3. d4 Bg7 4. g3 0-0 5. Bg2 d6 6. Nc3 Nc6 7. 0-0 e5 8. dxe5 dxe5 9. Bg5 Qxd1 10. Raxd1 h6 11. Bxf6 Bxf6 12. Nd5 Bd8 13. e4 Bg4 14. Rd2 Bxf3 15. Bxf3 Nd4 16. Bg2 c6 17. Nc3 Ba5 18. Rfd1 Rfd8 19. Kh1 Bxc3 20. bxc3 Ne6 21. Bh3 Rxd2 22. Rxd2 Rd8 23. Rxd8+ Nxd8 24. Kg1 Kf8 25. f4 f6 26. Kf2 Ke7 27. c5 b6 28. cxb6 axb6 29. Ke3 Kd6 30. Kd3 Kc5 31. a4 Kd6 32. Bc8 Kc7 33. Bg4 Nb7 34. Bd1 Kd6 35. Kc4 Nc5 36. Bc2 Ne6 37. fxe5+ Kxe5 38. Kd3 Nf4+ 39. Ke3 h5 40. h3 g5 41. g4 h4 42. Kf2 Ne6 43. Bd3 Nf4 44. Bf1 Kd6 45. Ke3 Ke5 46. Kf3 Ne6 47. Bd3 Nc5 48. Bc2 Nb7 49. Ke3 Nd6 50. Kf3 c5 51. Bd3 Nb7 52. Be2 Na5 53. Bf1 Nb3 54. Ke3 c4 55. Bxc4 Nc5 56. Bd5 Nxa4 57. c4 Nb2 58. Bf7 Nd1+ 59. Kf3 Kd4 60. Be6 Nb2 61. Bd7 Nxc4 62. Bb5 Ne5+ 63. Ke2 Kxe4 64. Kf2 Kf4 65. Bf1 Ke4 66. Ke2 Ng6 67. Bg2+ Kd4 68. Kd2 Nf4 69. Bf1 b5 70. Bxb5 Nxh3 71. Bf1 Nf2 72. Ke2 Nxg4 73. Bh3 f5 74. Kf3 Ne5+ 75. Kf2 g4 76. Bg2 Nd3+ 77. Kg1 Ke3 78. Kh2 g3+ 79. Kg1 f4 80. Kf1 f3 81. Bh3 Nf4 82. Bd7 g2+ 83. Kg1 Ne2+ 0-1

[Event "London Classic op U1825 11th"]
[Site "London"]
[Date "2019.12.01"]
[Round "4"]
[White "Homer, Neil S"]
[Black "Prince, Alan R"]
[Result "1/2-1/2"]
[WhiteElo "1609"]
[BlackElo "1747"]
[PlyCount "96"]
[EventDate "2019.11.29"]
[EventType "swiss"]
[EventRounds "5"]
[EventCountry "ENG"]
[SourceTitle "CBM 195 Extra"]
[Source "ChessBase"]
[SourceDate "2020.05.31"]
[SourceVersion "1"]
[SourceVersionDate "2020.05.31"]
[SourceQuality "1"]

1. Nf3 Nf6 2. c4 g6 3. d4 Bg7 4. g3 0-0 5. Bg2 d6 6. Nc3 Nbd7 7. 0-0 e5 8. dxe5 dxe5 9. Qc2 Re8 10. e4 c6 11. Bg5 h6 12. Be3 Ng4 13. Bc1 Qc7 14. h3 Ngf6 15. Be3 Nf8 16. Rad1 b6 17. b3 Bb7 18. Rd2 Rad8 19. Rfd1 Rxd2 20. Rxd2 Ne6 21. Kh2 Kh7 22. Qd1 Bf8 23. Qc2 Bb4 24. Ne1 Nc5 25. f3 Rd8 26. Rxd8 Qxd8 27. Bxc5 Bxc5 28. Qd3 Qd4 29. Qxd4 Bxd4 30. Ne2 Nd7 31. Nd3 Nc5 32. Nxc5 Bxc5 33. h4 Bc8 34. Bh3 Bxh3 35. Kxh3 Kg7 36. g4 Kf6 37. Kg2 Ke6 38. Nc1 f5 39. Nd3 fxe4 40. fxe4 Be7 41. Kg3 Kf6 42. Kf3 Bd6 43. a4 a5 44. Kg3 Ke6 45. Kf3 Be7 46. Kg3 Bf6 47. Kh3 Kd6 48. Kg3 Be7 1/2-1/2

[Event "Stevenage 4NCL Easter op U1825"]
[Site "Stevenage"]
[Date "2019.04.20"]
[Round "2.6"]
[White "Usharovsky, Tom"]
[Black "Homer, Neil S"]
[Result "1-0"]
[WhiteElo "1486"]
[BlackElo "1692"]
[PlyCount "81"]
[EventDate "2019.04.19"]
[EventType "swiss"]
[EventRounds "7"]
[EventCountry "ENG"]
[SourceTitle "EXT 2023"]
[Source "ChessBase"]
[SourceDate "2022.10.05"]
[SourceVersion "1"]
[SourceVersionDate "2022.10.05"]
[SourceQuality "1"]

1. c4 e6 2. Nc3 d5 3. cxd5 exd5 4. d4 c5 5. dxc5 d4 6. Ne4 Qd5 7. Nd6+ Bxd6 8. cxd6 Qxd6 9. Nf3 Nc6 10. a3 Nf6 11. e3 Bg4 12. Be2 Bxf3 13. Bxf3 d3 14. 0-0 0-0-0 15. Bd2 Kb8 16. Rc1 Rc8 17. Qb3 Rc7 18. g3 Rd8 19. a4 Qe6 20. Rc3 Qxb3 21. Rxb3 Ne5 22. Bg2 Rdd7 23. Rd1 Rc2 24. e4 Nh5 25. Bf4 Nxf4 26. gxf4 d2 27. fxe5 Rc1 28. Bf3 Rdc7 29. Rd3 R7c2 30. b3 Rc3 31. R3xd2 Rxd1+ 32. Bxd1 Rc5 33. f4 Kc7 34. Bg4 Kb6 35. Rd7 Rc6 36. f5 g6 37. Rxf7 h5 38. e6 Rc1+ 39. Kf2 hxg4 40. e7 Rc2+ 41. Ke1 1-0

[Event "BCF-chT4S 1819 (4NCL)"]
[Site "England"]
[Date "2019.04.13"]
[Round "7.103"]
[White "Homer, Neil S"]
[Black "Sheikh, Anum"]
[Result "1/2-1/2"]
[WhiteElo "1692"]
[BlackElo "1642"]
[PlyCount "72"]
[EventDate "2018.11.17"]
[EventType "team-swiss"]
[EventRounds "11"]
[EventCountry "ENG"]
[SourceTitle "EXT 2021"]
[Source "ChessBase"]
[SourceDate "2020.10.23"]
[SourceVersion "1"]
[SourceVersionDate "2020.10.23"]
[SourceQuality "1"]
[WhiteTeam "The Pitstop"]
[BlackTeam "Rook & Roll"]
[WhiteTeamCountry "ENG"]
[BlackTeamCountry "ENG"]

1. Nf3 f5 2. d3 Nf6 3. e4 d6 4. Nc3 g6 5. exf5 Bxf5 6. d4 Bg7 7. Bd3 Bg4 8. Be3 c6 9. Be2 Nbd7 10. Qd2 Bxf3 11. Bxf3 e5 12. 0-0-0 Qe7 13. dxe5 dxe5 14. Qd6 Qxd6 15. Rxd6 Ke7 16. Rd2 Rhd8 17. Rhd1 h6 18. a4 a5 19. h3 Bf8 20. g4 Kf7 21. g5 hxg5 22. Bxg5 Be7 23. Bxf6 Nxf6 24. Rxd8 Rxd8 25. Rxd8 Bxd8 26. Kd2 g5 27. Ne4 Nxe4+ 28. Bxe4 Ke6 29. Ke2 Kd6 30. Kd3 b5 31. axb5 cxb5 32. b3 Kc5 33. Kc3 Be7 34. Kb2 a4 35. bxa4 bxa4 36. f3 Kc4 1/2-1/2

[Event "London Classic CSC op 7th"]
[Site "London"]
[Date "2015.12.05"]
[Round "2"]
[White "Moreby, James"]
[Black "Homer, Neil S"]
[Result "1-0"]
[WhiteElo "2054"]
[BlackElo "1771"]
[PlyCount "59"]
[EventDate "2015.12.04"]
[EventType "swiss"]
[EventRounds "5"]
[EventCountry "ENG"]
[SourceTitle "CBM 169 Extra"]
[Source "ChessBase"]
[SourceDate "2015.12.18"]
[SourceVersion "1"]
[SourceVersionDate "2015.12.18"]
[SourceQuality "1"]

1. e4 c6 2. d4 d5 3. f3 dxe4 4. fxe4 e5 5. Nf3 Bg4 6. Bc4 Nd7 7. 0-0 Ngf6 8. c3 Bd6 9. Be3 0-0 10. Nbd2 Qc7 11. Qc2 a6 12. Bd3 Rfe8 13. Nc4 b5 14. Nxd6 Qxd6 15. Nxe5 Nxe5 16. dxe5 Qxe5 17. Bd4 Qg5 18. Qf2 Rad8 19. b4 Be6 20. Rae1 Rd7 21. Qc2 h6 22. Rf3 Nh5 23. Ref1 Bg4 24. R3f2 Qd8 25. e5 Rxe5 26. Bxe5 Rxd3 27. Rxf7 Rd5 28. Bxg7 Nxg7 29. Qg6 Rd7 30. Qxg7# 1-0

[Event "BCF-chT3 1415 (4NCL)"]
[Site "England"]
[Date "2015.03.21"]
[Round "7.99"]
[White "Head, Louise"]
[Black "Homer, Neil S"]
[Result "1/2-1/2"]
[WhiteElo "1945"]
[BlackElo "1761"]
[PlyCount "140"]
[EventDate "2015.03.21"]
[EventType "team-swiss"]
[EventRounds "11"]
[EventCountry "ENG"]
[SourceTitle "EXT 2016"]
[Source "ChessBase"]
[SourceDate "2015.10.08"]
[SourceVersion "1"]
[SourceVersionDate "2015.10.08"]
[SourceQuality "1"]
[WhiteTeam "BCM Rhinos II"]
[BlackTeam "e2e4.org.uk IV"]
[WhiteTeamCountry "ENG"]
[BlackTeamCountry "ENG"]

1. d4 d5 2. c4 e6 3. Nf3 c5 4. cxd5 exd5 5. g3 Nc6 6. Bg2 Nf6 7. 0-0 Be7 8. Nc3 0-0 9. b3 Bf5 10. Bb2 Re8 11. Na4 cxd4 12. Nxd4 Nxd4 13. Bxd4 Be6 14. Nc5 Bxc5 15. Bxc5 b6 16. Bd4 Rc8 17. Rc1 Rxc1 18. Qxc1 Qe7 19. Qb2 Rc8 20. e3 h6 21. Rc1 Rxc1+ 22. Qxc1 Ne4 23. f3 Nd6 24. Qa3 Qd7 25. Qb2 f6 26. Qd2 Qc7 27. Bf1 Bf5 28. g4 Bg6 29. Qc3 Qxc3 30. Bxc3 Bb1 31. a3 Ba2 32. b4 Nc4 33. Bxc4 dxc4 34. Kf2 b5 35. e4 Kf7 36. Ke3 Ke6 37. Kd4 Kd6 38. h4 Bb3 39. Ke3 Ke6 40. h5 Bd1 41. Kf4 Be2 42. Kg3 Bd3 43. Kf2 a6 44. Ke3 Bc2 45. f4 Bd1 46. f5+ Kd6 47. Kf4 Ke7 48. e5 fxe5+ 49. Bxe5 Kf7 50. Bc3 Be2 51. Kg3 Bd1 52. Kh4 Be2 53. g5 hxg5+ 54. Kxg5 Bd3 55. Bd4 Bc2 56. Bc3 Bd1 57. h6 gxh6+ 58. Kxh6 Bc2 59. Kg5 Bb3 60. Kf4 Bc2 61. Ke5 Bb3 62. Kd6 Bc2 63. f6 Bb3 64. Kc6 Ba4 65. Kb6 Ke6 66. Kxa6 Kf7 67. Kb6 Ke6 68. Kc7 Kf7 69. Kd6 Bb3 70. Kc5 Ba4 1/2-1/2